000 00973nam a2200217 4500
001 174440
003 ES-MaACL
005 20230906215529.0
008 100422s1993 sp |||| | spa d
100 1 _aGarcía-Díaz, Eugenio.
_9142546
245 1 0 _aEntidades en el desarrollo de la literatura chilena :
_b(conferencia) /
_cEugenio García-Díaz . El Ateneo de Santiago: tradición y excelencia (1888-1991) / de Fernando Sánchez Durán ; presentación de Luis Villarroel . Dos poetas del Ateneo / presentación de Paz Molina.
260 _aSantiago de Chile :
_bAteneo,
_c1993.
300 _a44 p. ;
_c18 cm.
594 _aEn port.: Ateneo de Santiago, 8ª Jornada General 1992.
610 2 4 _aAteneo de Santiago de Chile-
_vCongresos y asambleas.
_9142612
700 1 _aSánchez Durán, Fernando.
_9102620
700 1 _aVillarroel, Luis.
_9142547
700 1 _aMolina, Paz.
_9142548
710 2 _aAteneo de Santiago de Chile.
_92026
852 4 _aES-MaACL
_j2256-F-23
999 _c174440
_d174440